Le chemineau (Record no. 170186)

MARC details
000 -LEADER
campo de control de longitud fija 00657nam a22001935i 4500
001 - NÚMERO DE CONTROL
campo de control 170186
003 - IDENTIFICADOR DE NÚMERO DE CONTROL
campo de control ES-MaACL
005 - FECHA Y HORA DE LA ÚLTIMA TRANSACCIÓN
campo de control 20251015063151.0
008 - DATOS DE LONGITUD FIJA--INFORMACIÓN GENERAL
campo de control de longitud fija 090210s1929 fr |||| | fre d
080 ## - NÚMERO DE LA CLASIFICACIÓN DECIMAL UNIVERSAL
Número de la Clasificación Decimal Universal 782.1
100 1# - ENTRADA PRINCIPAL--NOMBRE DE PERSONA
Nombre de persona Richepin, Jean,
Fechas asociadas al nombre 1849-1926
9 (RLIN) 96950
245 13 - MENCIÓN DEL TÍTULO
Título Le chemineau
Resto del título : drame lyrique en quatre actes /
Mención de responsabilidad, etc. Jean Richepin ; musique de Xavier Leroux.
260 ## - PUBLICACIÓN, DISTRIBUCIÓN, ETC.
Lugar de publicación, distribución, etc. Paris :
Nombre del editor, distribuidor, etc. Eugène Fasquelle,
Fecha de publicación, distribución, etc. 1929.
300 ## - DESCRIPCIÓN FÍSICA
Extensión 59 p. ;
Dimensiones 19 cm.
650 14 - PUNTO DE ACCESO ADICIONAL DE MATERIA--TÉRMINO DE MATERIA
Término de materia o nombre geográfico como elemento de entrada Óperas-
Subdivisión de forma Libretos.
9 (RLIN) 137584
700 1# - ENTRADA AGREGADA--NOMBRE PERSONAL
Nombre de persona Leroux, Xavier.
9 (RLIN) 71793
852 ## - LOCALIZACIÓN
Ubicación ES-MaACL
Número de control de estantería 2247-F-7
itemnumber R.141007
Nota libre .- Biblioteca Jacinto Martínez Lacalle
Holdings
Estatus retirado Estado de pérdida Estado de daño No para préstamo Colección Biblioteca de origen Biblioteca actual Ubicación en estantería Fecha de adquisición Fuente de adquisición Total de préstamos Signatura topográfica completa Código de barras Visto por última vez Precio de reemplazo Tipo de ítem Koha
        Colección de folletos Biblioteca del Ateneo de Madrid Biblioteca del Ateneo de Madrid Depósito folletos 10/02/2009     2247-F-7 1178671 23/02/2023 23/02/2023 Folleto